01442 a2200205 45000010006000000050017000060080041000230030015000640400040000790800033001192450030001522500012001822640051001943000019002455050901002640410008011651000025011737000019011987000019012173687520260407155640.0260407a1983 arg spa dAR-UNSa-BCEJYS aAR-UNSa-BCEJYSbspacAR-UNSa-BCEJYS a330.101.542xMicroeconomía10aTeoría microeconómica a4a. ed. 1aMéxico :bFondo de Cultura Económicac1983 a551 p.c23 cm. a1. La teoría de la utilidad y la preferencia - 2. Teoría de la conducta del consumidor - 3. Temas en la demanda del consumidor - 4. Características de la demanda de mercado - 5. La producción con un insumo variable - 6. La producción y las proporciones óptimas de los insumos: dos insumos variables - 7. La teoría del coste - 8. La teoría del precio en los mercados de competencia perfecta - 9. Teoría del precio en el monopolio puro - 10. Competencia y monopolio: algunos ejercicios teóricos - 11. Teoría del precio en la competencia monopolística - 12. Las teorías del precio en los mercados oligopólicos - 13. La teoría de la productividad marginal en mercados de competencia perfecta - 14. La teoría de la ocupación en mercados de competencia imperfecta - 15. La teoría del equilibrio económico general - 16. La teoría de la economía del bienestar -  aspa1 aSuárez, Eduardo L.1 aFerguson, C.E.1 aGould, John P.